Statistics for Northernmost Countries Quiz

Click here to take the quiz!

General Stats

  • This quiz has been taken 296,196 times
  • The average score is 18 of 20

Answer Stats

° NorthCountry% Correct
81°51'Russia
100%
83°06'Canada
99%
80°49'Norway
98%
69°04'Sweden
98%
70°05'Finland
97%
60°51'United Kingdom
97%
57°45'Denmark
96%
71°23'United States
96%
67°08'Iceland
95%
55°03'Germany
92%
58°05'Latvia
90%
54°50'Poland
90%
59°48'Estonia
89%
56°27'Lithuania
88%
55°26'Ireland
87%
53°32'Netherlands
85%
56°08'Belarus
80%
52°22'Ukraine
74%
53°34'China
73%
55°06'Kazakhstan
68%

Score Distribution

Percentile by Number Answered

Percent of People with Each Score

Your Score History

You have not taken this quiz